MDQL
is popping MORE tags! Check the
thread
!
Quizzes
Events
Quiz Creation
Community
Videos
Private Events
Remove Ads
Sign In
Join for FREE
Feedback
Dark Mode
Quiz Categories
Sports
Geography
Music
Movies
Television
Just For Fun
Miscellaneous
History
Literature
Language
Science
Gaming
Entertainment
Religion
Holiday
For Kids
Quiz Lab
Recent
Popular Today
Quiz Kudos Today
Editor Picks
Curator Picks
Quizzes by...
Day
Popularity
Type
Ratings
Length
Year
Community
Subscriptions
Recent Discussions
Orange Saloon
Badges
Playlists
Quests
Create
Leaderboards
Showdown
Live 5
Trivia Bingo
Activity
Puzzle Library
Sporcle Events
Private Events
Virtual Trivia
Globe League
Become a Host
Pub Owners
SporcleCon
Opinionation
Our Games
Videos
Blog
Mobile Apps
Partnerships
Remove Ads and Go Orange
Feedback
Sports
Athletes
MLB
NBA
NHL
NFL
Soccer
Sports Teams
WWE
NCAA
Football
Premier League
Basketball
Baseball
Hockey
Golf
Tennis
Cricket
Rugby
Auto Racing
Olympics
World Cup
Sports
Athletes
MLB
NBA
NHL
NFL
Soccer
Sports Teams
WWE
NCAA
Football
Premier League
Basketball
Baseball
Hockey
Golf
Tennis
Cricket
Rugby
Auto Racing
Olympics
World Cup
Random Quiz
Search Sporcle
×
Quiz Lab
Quiz Lab
Sports
Formula 1
Type in answers that appear in a list
Type in answers that appear in a list
Classic
Best Score? Go Orange.
1991 Formula 1 Season Stats
Can you name the Formula 1 1991 season?
By
ivaneurope
6m
41 Questions
336 Plays
336 Plays
336 Plays
Comments
Comments
Give Quiz Kudos
Give Quiz Kudos
-
- Ratings
hide this ad
More Info
Replay
Link that replays current quiz
Next Quiz
Link to next quiz in quiz playlist
You Got
0%
They Got
Avg Score
69%
Avg Friend Score
Upgrade to see
Score Distribution
Jump to the score distribution portion of the page
Score
0/41
Timer
06:00
0
Plays Today
Points
Driver
% Correct
96 pts -
BRA
Ayrton Senna
100%
72 pts -
GBR
Nigel Mansell
98.8%
34 pts -
FRA
Alain Prost
98.5%
26.5 pts -
BRA
Nelson Piquet
96.4%
43 pts -
AUT
Gerhad Berger
95.5%
53 pts -
ITA
Riccardo Patrese
95.2%
21 pts -
FRA
Jean Alesi
92.9%
4 pts -
GER
Michael Schumacher
88.7%
2 pts -
FIN
Mika Hakkinen
88.7%
0 pts -
BEL
Thierry Boutsen
85.7%
2 pts -
JPN
Satoru Nakajima
83.9%
2 pts -
GBR
Martin Brundle
83.3%
1 pt -
JPN
Aguri Suzuki
82.4%
0 pts -
ITA
Michele Alboreto
81.3%
4 pts -
FIN
JJ Lehto
80.4%
0 pts -
GBR
Johnny Herbert
79.2%
1 pt -
GBR
Mark Blundell
77.7%
8 pts -
BRA
Roberto Moreno
77.1%
1 pt -
ITA
Ivan Capelli
75.9%
0 pts -
SWE
Stefan Johansson
75.3%
4 pts -
BEL
Bertrand Gachot
74.7%
Points
Driver
% Correct
9 pts -
ITA
Andrea de Cesaris
68.5%
10 pts -
ITA
Stefano Modena
67.3%
6 pts -
ITA
Pierluigi Martini
67.3%
0.5 pt -
ITA
Gianni Morbidelli
65.5%
0 pts -
FRA
Erik Comas
64.9%
0 pts -
ITA
Nicola Larini
63.7%
0 pts -
BRA
Mauricio Gugelmin
59.8%
0 pts -
ITA
Alex Caffi
56.3%
0 pts -
ITA
Gabriele Tarquini
55.1%
1 pt -
FRA
Eric Bernard
53.6%
0 pts -
AUT
Karl Wendlinger
52.4%
1 pt -
ITA
Emanuele Pirro
47.6%
0 pts -
ITA
Alessandro Zanardi
47.3%
0 pts -
FRA
Olivier Grouillard
44.9%
1 pt -
GBR
Julian Bailey
44.3%
0 pts -
BEL
Eric van de Poele
40.8%
0 pts -
POR
Pedro Chaves
37.5%
0 pts -
ITA
Fabrizio Barbazza
33.9%
0 pts -
GER
Michael Bartels
33.6%
0 pts -
JPN
Naoki Hattori
31.8%
Quiz Playlist
Details
Report
Send in Message
Add To Playlist
More Info:
Name the 1991 Formula 1 drivers by their ranking.
Classic:
Type in answers that appear in a list
Quiz Source
Last Updated: Feb 16, 2017
Quiz Scoreboard
CHALLENGE
Sign Up to Join the Scoreboard
Show All
Scores
Hide
Comments
May contain spoilers
Recently Published
1-10 Letter E Words III
by El_Dandy
Language
2m
Street Fighter Characters
by Artimus82
Gaming
60s
College Basketball Coaching Resumes
by pancakes188
Sports
9m
More to Explore
Quiz From the Vault
Featured Blog Post
Where Did the Easter Bunny Come From?
hide this ad
You Might Also Like...
Tags
1991
Formula 1
Today's Top Quizzes in Sports
Browse Sports
hide this ad
Today's Top Quizzes in Formula 1
Browse Formula 1
Top Contributed Quizzes in Sports
1
2022 World Cup Stars
2
Les meilleurs buteurs des matchs entre le PSG et l’OM
3
FIFA Club World Cup Champions
4
Les entraîneurs de l'OM et du PSG au 21e siècle
5
Criteria MLB: Left Handed Sluggers
6
2023 MLB Unique Player Accomplishments
7
AFC Teams Reveal (Wrong Answers Minefield)
8
Players with Multiple 50 Home Run Seasons
9
5-to-1: FBS Animal Nicknames
10
5-to-1: UK Sports Teams
Explore More
Trending Topics
Kpop
Crossword
Marvel
Harry Potter
NBA
Disney
Anime
Song
Puzzle
The Office
WWE
Country
NFL
Pokémon
Soccer
hide this ad
More By:
ivaneurope
Quiz
Plays
Rating
Category
Featured
Created
1991 Formula 1 Season
336
4.25
Sports
Dec 7, 2012
1995 Formula 1 Season
305
5.00
Sports
Dec 2, 2012
BTCC Drivers 2014
291
5.00
Sports
Mar 30, 2014
1993 Formula 1 Season
180
Sports
Dec 2, 2012
Go to Creator's Profile
Score Distribution
Quiz Creator Spotlight
ivaneurope
Follow
Send a Message
Quizzes Created
-
Created Quiz Play Count
-
More By This Creator
Popular Quizzes Today
1
Find the US States - No Outlines Minefield
2
Find the Countries of Europe - No Outlines Minefield
3
Find the US States
4
The Countries of the World
5
Risky Map Clicking: Biggest States A-Z
6
US States
7
Popular People in 1961
8
Movies - When Are They Set?
More Sports Quizzes
NFL Starting QBs 2000-2019
Quiz Lab
Trending Quizzes
Risky Map Clicking: Least Populous States A-Z
1-10 Letter G Words
Countries of the World: 200 Million BC
1-10 Letter F Words
Risky Map Clicking: Next State Alphabetically
Recently Updated
Largest US Cities 1790-2010
pecheneg
Rides in Walt Disney World
pecheneg
Most Oscar Losses (Acting)
pecheneg
Beyoncé Albums
pecheneg
Leaping Animals
pecheneg
Reality TV Shows (A-Z)
bhenderson79
Rickey Henderson's Hall of Fame Teammates
pecheneg
Champions League XIs: Arsenal
pecheneg
Quick Pick: Celebrities in WWE's Hall of Fame
aduchscher
A-Z Keypad Blitz II
pecheneg
Trending Topics
Disney
NBA
Harry Potter
Anime
Kpop
Marvel
Crossword
The Office
NFL
Puzzle
Pokémon
Song
WWE
Soccer
Country
Your Account Isn't Verified!
In order to create a playlist on Sporcle, you need to verify the email address you used during registration. Go to your
Sporcle Settings
to finish the process.
Report this User
Report this user for behavior that violates our
Community Guidelines
.
Details:
Send Report
Go to the Sporcle.com Mobile Site →
Comments